How Democratic Is the United States? (Democracy in Action) / (Record no. 616890)
[ view plain ]
| 000 -LEADER | |
|---|---|
| fixed length control field | 00411nam a22001337a 4500 |
| 020 ## - INTERNATIONAL STANDARD BOOK NUMBER | |
| Qualifying information | HB. |
| 040 ## - CATALOGING SOURCE | |
| Transcribing agency | FIZZA ISHAQ |
| 082 ## - DEWEY DECIMAL CLASSIFICATION NUMBER | |
| Classification number | 324.630 |
| Author Mark | KRO |
| 100 ## - MAIN ENTRY--PERSONAL NAME | |
| Personal name | Kronenwetter , Michael. |
| 9 (RLIN) | 132513 |
| 245 ## - TITLE STATEMENT | |
| Title | How Democratic Is the United States? (Democracy in Action) / |
| Statement of responsibility, etc. | Michael Kronenwetter. |
| 260 ## - PUBLICATION, DISTRIBUTION, ETC. | |
| Place of publication, distribution, etc. | New York: |
| Name of publisher, distributor, etc. | Franklin Watts, |
| Date of publication, distribution, etc. | 1994. |
| 300 ## - PHYSICAL DESCRIPTION | |
| Extent | 112 P. ; |
| Dimensions | 6.25 x 0.75 x 9.25 inches |
| 942 ## - ADDED ENTRY ELEMENTS (KOHA) | |
| Source of classification or shelving scheme | |
| Koha item type | Book |
| Withdrawn status | Lost status | Source of classification or shelving scheme | Damaged status | Not for loan | Permanent Location | Current Location | Shelving location | Date acquired | Total Checkouts | Full call number | Barcode | Date last seen | Price effective from | Koha item type |
|---|---|---|---|---|---|---|---|---|---|---|---|---|---|---|
| NUST Baluchistan Campus (NBC) | NUST Baluchistan Campus (NBC) | General Stacks | 04/08/2026 | 324.630 KRO | QD-541 | 04/08/2026 | 04/08/2026 | Book |
